[Event "Dhaka Bangabandhu op-B"]
[Site "Dhaka"]
[Date "2021.03.12"]
[Round "4"]
[White "Tipu, Sultan"]
[Black "Karim, M Shahin"]
[Result "0-1"]
[WhiteElo "1624"]
[BlackElo "1942"]
[PlyCount "54"]
[EventDate "2021.03.09"]
[EventType "swiss"]
[EventRounds "9"]
[EventCountry "BAN"]
[SourceTitle "CBM 201 Extra"]
[Source "ChessBase"]
[SourceDate "2021.05.31"]
[SourceVersion "1"]
[SourceVersionDate "2021.05.31"]
[SourceQuality "1"]

1. e4 e5 2. Nf3 Nc6 3. Bc4 Be7 4. c3 Nf6 5. d4 Nxe4 6. dxe5 0-0 7. Qd5 Nc5 8. b4 Ne6 9. 0-0 a6 10. a4 b6 11. b5 axb5 12. Bxb5 Bb7 13. Rd1 Nc5 14. Qa2 Na5 15. Ba3 Bxf3 16. gxf3 c6 17. Bc4 Nxc4 18. Qxc4 Rxa4 19. Qe2 b5 20. Nd2 Ne6 21. Bxe7 Qxe7 22. Rxa4 bxa4 23. Ne4 Nf4 24. Qc4 Qxe5 25. Rxd7 Qf5 26. Rd4 g5 27. Rd1 Qh3 0-1

[Event "Joytu Sheikh Hasina Online op"]
[Site "Chess.com INT"]
[Date "2020.09.25"]
[Round "5"]
[White "Tipu, Sultan"]
[Black "Noshin, Anjum"]
[Result "1-0"]
[WhiteElo "1628"]
[BlackElo "1902"]
[PlyCount "57"]
[EventDate "2020.09.24"]
[EventType "swiss"]
[EventRounds "9"]
[EventCountry "BAN"]
[SourceTitle "EXT 2022"]
[Source "ChessBase"]
[SourceDate "2021.10.06"]
[SourceVersion "1"]
[SourceVersionDate "2021.10.06"]
[SourceQuality "1"]

1. e4 e5 2. Nf3 Nc6 3. Bc4 Bc5 4. 0-0 Nf6 5. d4 Bxd4 6. Nxd4 Nxd4 7. Bg5 h6 8. Bh4 g5 9. f4 d5 10. fxe5 dxc4 11. Bf2 Bg4 12. Qxd4 Qxd4 13. Bxd4 Nxe4 14. e6 f6 15. Nc3 Nxc3 16. Bxc3 Bxe6 17. Rae1 Kd7 18. Rxf6 Rhe8 19. Rxh6 g4 20. Rd1+ Kc8 21. Re1 Kd7 22. Rh7+ Kc8 23. Be5 Bd7 24. Rd1 Rxe5 25. Rdxd7 b6 26. Rxc7+ Kd8 27. Rhd7+ Ke8 28. Rg7 Rd8 29. Rg8# 1-0

[Event "BAN-chB 42nd"]
[Site "Dhaka"]
[Date "2016.10.20"]
[Round "1"]
[White "Tipu, Sultan"]
[Black "Hossain, Delwar"]
[Result "0-1"]
[WhiteElo "1823"]
[BlackElo "2125"]
[PlyCount "104"]
[EventDate "2016.10.20"]
[EventType "swiss"]
[EventRounds "11"]
[EventCountry "BAN"]
[SourceTitle "CBM 175 Extra"]
[Source "ChessBase"]
[SourceDate "2016.12.12"]
[SourceVersion "1"]
[SourceVersionDate "2016.12.12"]
[SourceQuality "1"]

1. e4 d5 2. exd5 Nf6 3. d4 Nxd5 4. c4 Nf6 5. Nc3 e6 6. Nf3 Be7 7. Bd3 Nbd7 8. 0-0 c5 9. Bf4 a6 10. d5 Nb6 11. dxe6 Bxe6 12. Qe2 0-0 13. Rad1 Qc8 14. Ng5 Re8 15. Nxe6 Qxe6 16. Qf3 Bf8 17. h3 Nxc4 18. Rfe1 Qxe1+ 19. Rxe1 Rxe1+ 20. Kh2 Nd6 21. Nd5 Nxd5 22. Qxd5 c4 23. Bc2 Re2 24. Bxh7+ Kxh7 25. Qh5+ Kg8 26. Qxe2 Re8 27. Qd2 Re6 28. Qd5 b5 29. f3 Ne8 30. Qd8 g6 31. h4 Bg7 32. Bg5 Kf8 33. Bd2 Bxb2 34. g4 Bf6 35. Qd5 Kg8 36. g5 Rd6 37. Qe4 Rxd2+ 38. Kh3 Bd4 39. Qxe8+ Kg7 40. f4 c3 41. f5 gxf5 42. h5 c2 43. h6+ Kg6 44. Qg8+ Kh5 45. Qxf7+ Kxg5 46. Qe7+ Kxh6 47. Qd6+ Kh5 48. Qc6 Kg5 49. Qc7 Rd3+ 50. Kg2 Rc3 51. Qd8+ Bf6 52. Qg8+ Kf4 0-1